000 00761nam a22002177a 4500
005 20251108172131.0
008 250721s1994 xx 000 0 ara d
082 1 4 _a920.973/مؤت
100 1 _aحداد، ايفون يزبك
_eتحرير
111 2 _aمؤتمر المسلمين في أمريكا ( 1989 : امهيرست )
245 1 0 _aالمسلمون في أمريكا :
_bأوراق عمل مؤتمر المسلمين في أمريكا /
264 1 _aالقاهرة :
_bمركز الأهرام للترجمة و النشر،
_c1994.
300 _a303ص
650 1 7 _aالإسلام
650 1 7 _aالتاريخ
650 1 7 _aأمريكا
650 1 7 _aالمسلمون
650 1 7 _aالمؤتمرات
942 _2ddc
_cBK
999 _c71289
_d71289